000 00545nam a2200181Ia 4500
003 IN-BaIIA
008 211028s9999 xx 000 0 eng d
020 _a0-674-01079-5
040 _cIIA Library
080 _a524.7
_bWAL
100 _aWaller, W. H.
_928873
245 0 _aGalaxies and the cosmic frontier
_cW. H. Waller and P. W. Hodge
260 _aLondon
_bHarvard University Press
_c2003
300 _aix, 317p.
650 _aGalaxies
_91286
700 _aHodge, P. W.
_912417
942 _cBK
999 _c15661
_d15661